000 00960cam a2200253 i 4500
020 _a0824803663
040 _cDLC
082 0 0 _a333 PUB 1978 A017 Or.
245 0 0 _aFarmers in the forest :
_beconomic development and marginal agriculture in northern Thailand /
260 _aHonolulu :
_bPublished for the East-West Center by the University Press of Hawaii,
_cc1978.
300 _avi, 402 p. :
_bill. ;
_c24 cm.
500 _a"An East-West Center book."
500 _a"This book grew out of a conference on upland agriculture in northern Thailand, organized by the editors and held on the campus of Chiang Mai University in January 1970."
500 _aIncludes index.
650 0 _aShifting cultivation
650 0 _aHill farming
650 0 _aLand use, Rural
650 0 _aRural development
700 1 _aKunstadter, Peter.
700 1 _aChapman, E. C.
700 0 _aSanga Sabhasri.
710 2 _aMahāwitthayālai Chīang Mai.
942 _cEK
999 _c12132
_d12132